<La> solució : (Record no. 62653)
[ view plain ]
| 000 -LEADER | |
|---|---|
| campo de control de longitud fija | 01144nam a2200265Ia 4500 |
| 008 - DATOS DE LONGITUD FIJA--INFORMACIÓN GENERAL | |
| campo de control de longitud fija | 250623m2022 xx 000 0 cat d |
| 111 2# - ENTRADA PRINCIPAL--NOMBRE DE CONGRESO/REUNIÓN | |
| Nombre de congreso/reunión o jurisdicción como elemento de entrada | DIA INTERNACIONAL DE LOS TRABAJADORES |
| Fecha del congreso o de la firma del tratado | 2022 |
| 9 (RLIN) | 41431 |
| 245 10 - MENCIÓN DEL TÍTULO | |
| Título | <La> solució : |
| Resto del título | apujar salaris, contenir preus, posar fi a les desigualtats : manifest del 1r de Maig de 2022 |
| Mención de responsabilidad, etc. | / [CCOO Catalunya, UGT Catalunya] |
| 260 ## - PUBLICACIÓN, DISTRIBUCIÓN, ETC. | |
| Lugar de publicación, distribución, etc. | Barcelona : |
| Nombre del editor, distribuidor, etc. | CCOO de Catalunya, |
| Fecha de publicación, distribución, etc. | 2022 |
| 300 ## - DESCRIPCIÓN FÍSICA | |
| Extensión | 2 p. ; |
| Dimensiones | 30 cm |
| 500 ## - NOTA GENERAL | |
| Nota general | Manifiesto conjunto CCOO Catalunya y UGT Catalunya con motivo de la celebración del 1º de MAYO, Día Internacional de los trabajadores. |
| 650 #0 - PUNTO DE ACCESO ADICIONAL DE MATERIA--TÉRMINO DE MATERIA | |
| Término de materia o nombre geográfico como elemento de entrada | DERECHOS DE LOS TRABAJADORES |
| 9 (RLIN) | 4 |
| 650 #0 - PUNTO DE ACCESO ADICIONAL DE MATERIA--TÉRMINO DE MATERIA | |
| Término de materia o nombre geográfico como elemento de entrada | SALARIO |
| 9 (RLIN) | 71 |
| 650 #0 - PUNTO DE ACCESO ADICIONAL DE MATERIA--TÉRMINO DE MATERIA | |
| Término de materia o nombre geográfico como elemento de entrada | MOVIMIENTO OBRERO |
| 9 (RLIN) | 970 |
| 650 #0 - PUNTO DE ACCESO ADICIONAL DE MATERIA--TÉRMINO DE MATERIA | |
| Término de materia o nombre geográfico como elemento de entrada | IGUALDAD DE GENERO |
| 9 (RLIN) | 5513 |
| 650 #0 - PUNTO DE ACCESO ADICIONAL DE MATERIA--TÉRMINO DE MATERIA | |
| Término de materia o nombre geográfico como elemento de entrada | IGUALDAD DE DERECHOS |
| 9 (RLIN) | 1832 |
| 650 #0 - PUNTO DE ACCESO ADICIONAL DE MATERIA--TÉRMINO DE MATERIA | |
| Término de materia o nombre geográfico como elemento de entrada | SALARIO |
| 9 (RLIN) | 71 |
| 650 #0 - PUNTO DE ACCESO ADICIONAL DE MATERIA--TÉRMINO DE MATERIA | |
| Término de materia o nombre geográfico como elemento de entrada | DIA INTERNACIONAL DE LOS TRABAJADORES |
| 9 (RLIN) | 39791 |
| 650 ## - PUNTO DE ACCESO ADICIONAL DE MATERIA--TÉRMINO DE MATERIA | |
| Término de materia o nombre geográfico como elemento de entrada | SINDICALISMO |
| 9 (RLIN) | 189 |
| 650 #0 - PUNTO DE ACCESO ADICIONAL DE MATERIA--TÉRMINO DE MATERIA | |
| Término de materia o nombre geográfico como elemento de entrada | ACTITUD SINDICAL |
| 9 (RLIN) | 61 |
| 710 2# - ENTRADA AGREGADA--NOMBRE DE ENTIDAD CORPORATIVA | |
| Nombre de entidad corporativa o nombre de jurisdicción como elemento de entrada | UGT |
| Unidad subordinada | Cataluña |
| 9 (RLIN) | 4689 |
| 710 ## - ENTRADA AGREGADA--NOMBRE DE ENTIDAD CORPORATIVA | |
| Nombre de entidad corporativa o nombre de jurisdicción como elemento de entrada | CCOO |
| Unidad subordinada | Cataluña |
| 9 (RLIN) | 24003 |
| 856 ## - LOCALIZACIÓN Y ACCESO ELECTRÓNICOS | |
| Nota pública | |
| Identificador Uniforme de Recursos | <a href="https://docpublicos.ccoo.es/cendoc/071121ManifiestoConjuntoCatalunya2022.pdf">https://docpublicos.ccoo.es/cendoc/071121ManifiestoConjuntoCatalunya2022.pdf</a> |
| 942 ## - ELEMENTOS DE ENTRADA SECUNDARIOS (KOHA) | |
| Tipo de ítem Koha | Documento Electrónico |
| Fuente del sistema de clasificación o colocación | Clasificación Decimal Dewey |
| Suprimir en OPAC | No |
| Estatus retirado | Estado de pérdida | Fuente del sistema de clasificación o colocación | Estado de daño | No para préstamo | Biblioteca de origen | Biblioteca actual | Fecha de adquisición | Número de inventario | Total de préstamos | Código de barras | Visto por última vez | Precio de reemplazo | Tipo de ítem Koha |
|---|---|---|---|---|---|---|---|---|---|---|---|---|---|
| Clasificación Decimal Dewey | CENDO | CENDO | 23/06/2025 | 071121 | 2025-1260 | 23/06/2025 | 23/06/2025 | Documento Electrónico |